Statystyki dla Myslovitz ''Długość dźwięku samotności' - uzupełnianka

Kliknij tutaj aby rozwiązać quiz!

Ogólne statystyki

  • Ten quiz został rozwiązany 88 razy
  • Średni wynik to 23 z 36

Statystyki odpowiedzi

.Tekst% Poprawnych
.{I nawet kiedy będę sam}
100%
.{I nawet kiedy będę sam}
100%
.{I nawet kiedy będę sam}
100%
.{I nawet kiedy będę sam}
100%
.{Nie zmienię się to nie mój świat}
94%
.{Nie zmienię się to nie mój świat}
94%
.{Nie zmienię się to nie mój świat}
94%
.{Nie zmienię się to nie mój świat}
94%
.{Przede mną droga którą znam}
84%
.{Przede mną droga którą znam}
84%
.{Przede mną droga którą znam}
84%
.{Przede mną droga którą znam}
84%
.{Którą ja wybrałem sam}
82%
.{Którą ja wybrałem sam}
82%
.{Którą ja wybrałem sam}
82%
.{Którą ja wybrałem sam}
82%
.{Noc a nocą gdy nie śpię}
55%
.{Lubię się schować na jakiś czas}
54%
.{Wejść na drzewo i patrzeć w niebo}
54%
.{Wiesz lubię wieczory}
52%
.{Tak zawsze genialny}
51%
.{Idealny muszę być}
49%
.{I jakoś tak nienaturalnie}
48%
.{Trochę przesadnie pobyć sam}
40%
.{Z papieru miłością gdzie ty i ja}
40%
.{Chemiczny świat pachnący szarością}
39%
.{I jeszcze ktoś nie wiem kto}
39%
.{Wychodzę choć nie chcę spojrzeć na}
39%
.{Nie mam szans}
37%
.{Chciałby tak przez kilka lat}
36%
.{I muszę chcieć super luz i już}
36%
.{Setki bzdur i już to nie ja}
36%
.{Tak zwyczajnie tylko że}
36%
.{Tutaj też wiem kolejny raz}
33%
.{Zbyt zachłannie i trochę przesadnie}
33%
.{Pobyć chwilę sam chyba go znam}
30%

Rozkład punktacji

Percentyl według liczby udzielonych odpowiedzi

Procent ludzi z każdym wynikiem

Twoja historia wyników

Nie rozwiązałeś tego quizu